000 00430nam a2200169 a 4500
001 26563
003 CO-ViMGA
008 141112s2004 ck r 000 u spa d
040 _aCO-ViMGA
_bspa
_cCO-ViMGA
090 _aC PAT2
245 1 0 _aEl patito feo
260 _aGrupo cultural
300 _a[4] p. : il. lamns. ; 16 cm.
650 1 4 _aANIMALES - - CUENTOS Y LEYENDAS
650 1 4 _aCUENTOS INFANTILES
_92743
942 _2ddc
_cBK
999 _c11066
_d11066